Los reyes taumaturgos

Saved in:
Bibliografiske detaljer
Hovedforfatter: Bloch, Marc Leopold (Author)
Format: Bog
Sprog:spansk
Udgivet: Ciudad de México Fondo de Cultura Económica 1988
Fag:
Tags: Tilføj Tag
Ingen Tags, Vær først til at tagge denne postø!

MARC

LEADER 00000nam a2200000 a 4500
001 UCX6505
003 CL-VaPUC
008 930707e19880000MX |||||||||||||||||spa|d
082 0 4 |a 291.62  |b BLO  |2 21 
100 |a Bloch, Marc Leopold  |e author  |9 387798 
245 1 4 |a Los reyes taumaturgos 
300 |a 493 p 
942 |c BK 
945 |d 19930707 00:00:00 
260 |a Ciudad de México  |b Fondo de Cultura Económica  |c 1988 
650 7 |a TAUMATURGOS  |2 CL-VaPUC  |9 323005 
650 7 |a PODERES SOBRENATURALES  |2 CL-VaPUC  |9 323006 
650 7 |a CREENCIAS POPULARES  |2 CL-VaPUC  |9 323007 
650 0 |a Monarquía   |9 255259 
651 0 |a Francia  |9 255157 
651 0 |a Inglaterra  |9 255158 
583 |a last modification  |c 19930707 00:00:00  |k Rodrigo Vera 
999 |c 226510  |d 226508 
952 |0 0  |1 0  |4 0  |6 291_620000000000000_BLO_1988  |7 0  |8 A  |9 224937  |a BIBHIS  |b BIBHIS  |d 2019-11-15  |i 2936585  |l 2  |m 2  |o 291.62 BLO 1988  |p 2936585  |r 2025-01-20  |s 2022-10-17  |w 2019-11-15  |y BK  |k HIS